Entwicklungen in Nordrhein-Westfalen statistischer Jahresbericht 1998

Saved in:
Bibliographic Details
Format: Book
Language:German
Published: Düsseldorf Landesamt für Datenverarbeitung und Statistik Nordrhein-Westfalen 1998
Subjects:
Tags: Add Tag
No Tags, Be the first to tag this record!

MARC

LEADER 00000nam a2200000 4500
001 c108830
005 20250728075036.6
041 0 |a ger 
044 |a DE 
245 1 0 |a Entwicklungen in Nordrhein-Westfalen  |b statistischer Jahresbericht 1998 
264 1 |a Düsseldorf  |b Landesamt für Datenverarbeitung und Statistik Nordrhein-Westfalen  |c 1998 
300 |a 51 s. 
610 2 0 |a obyvateľstvo 
610 2 0 |a produkt domáci hrubý 
610 2 0 |a trh práce 
610 2 0 |a ceny spotrebiteľské 
610 2 0 |a domácnosti 
610 2 0 |a obchod 
610 2 0 |a obchod zahraničný 
610 2 0 |a živnosti 
610 2 0 |a priemysel 
610 2 0 |a remeslá 
610 2 0 |a energetika 
610 2 0 |a stavebníctvo 
610 2 0 |a byty 
610 2 0 |a povolania 
610 2 0 |a poľnohospodárstvo 
610 2 0 |a ruch cestovný 
610 2 0 |a veľtrhy 
610 2 0 |a doprava 
610 2 0 |a financie verejné 
610 2 0 |a zdravotníctvo 
610 2 0 |a školy 
610 2 0 |a vzdelávanie ďalšie